Catálogo
 En Linea

Poema bucolico-ciudadano / (Registro nro. 31656)

Detalles MARC
000 -CABECERA
campo de control de longitud fija 00696nam a2200229 a 4500
001 - NÚMERO DE CONTROL
campo de control 000032165
003 - IDENTIFICADOR DEL NÚMERO DE CONTROL
campo de control OSt
005 - FECHA Y HORA DE LA ÚLTIMA TRANSACCIÓN
campo de control 20240412074255.0
008 - DATOS DE LONGITUD FIJA--INFORMACIÓN GENERAL
campo de control de longitud fija 110713s1936 dr 000 p spa d
040 ## - FUENTE DE LA CATALOGACIÓN
Centro catalogador/agencia de origen DO-SdBNP
Lengua de catalogación spa
Centro/agencia transcriptor BNPHU
082 74 - NÚMERO DE LA CLASIFICACIÓN DECIMAL DEWEY
Número de clasificación RD861.4
Número de documento/Ítem M843p
Número de edición 22
100 1# - ENTRADA PRINCIPAL--NOMBRE DE PERSONA
Nombre de persona Moreno Jimenes, Domingo,
Fechas asociadas al nombre 1894-1986
9 (RLIN) 19534
245 10 - MENCIÓN DE TÍTULO
Título Poema bucolico-ciudadano /
Mención de responsabilidad, etc. D. Moreno Jimenes.
246 34 - FORMA VARIANTE DE TÍTULO
Título propio/Titulo breve Embiste de razas
260 ## - PUBLICACIÓN, DISTRIBUCIÓN, ETC.
Lugar de publicación, distribución, etc. Santiago, República Dominicana :
Nombre del editor, distribuidor, etc. [s.n.],
Fecha de publicación, distribución, etc. 1936.
300 ## - DESCRIPCIÓN FÍSICA
Extensión 40 p. ;
Dimensiones 16 cm.
590 ## - NOTA LOCAL (RLIN)
Nota local Inventariado, 2018/ YL
650 #0 - PUNTO DE ACCESO ADICIONAL DE MATERIA--TÉRMINO DE MATERIA
Término de materia o nombre geográfico como elemento de entrada Poesía dominicana
9 (RLIN) 66
650 #0 - PUNTO DE ACCESO ADICIONAL DE MATERIA--TÉRMINO DE MATERIA
Término de materia o nombre geográfico como elemento de entrada Literatura dominicana.
9 (RLIN) 67
910 ## - DATOS DE OPCIÓN DEL USUARIO (OCLC)
Datos de opción del usuario Validado. Control de calidad MFF
942 ## - ELEMENTOS DE PUNTO DE ACCESO ADICIONAL (KOHA)
Fuente del sistema de clasificación o colocación Dewey Decimal Classification
Tipo de ítem Koha Libro
Existencias
Estado de retiro Estado de pérdida Fuente del sistema de clasificación o colocación No para préstamo Código de colección Localización permanente Ubicación/localización actual Ubicación en estantería Fecha de adquisición Número de inventario Total de préstamos Signatura topográfica completa Código de barras Fecha visto por última vez Precio válido a partir de Tipo de ítem Koha Nota pública
    Dewey Decimal Classification Excluido de préstamo Raros y valiosos Patrimonio Dominicano Patrimonio Dominicano Depósito 13.07.2011 LF1   BNPHU PD-RV 861.4 M843p 32165-10 25.06.2020 25.06.2020 No se presta Perteneció a la biblioteca personal de Martínez Boog.
    Dewey Decimal Classification Excluido de préstamo Raros y valiosos Patrimonio Dominicano Patrimonio Dominicano Depósito 13.07.2011 LF1   BNPHU PD-RV 861.4 M843p 32165-20 25.06.2020 25.06.2020 No se presta Perteneció a la bibloiteca personal de Aída Cartagena Portalatín.

Con tecnología Koha